00506cam a22001931a 4500001001300000003000400013005001700017008004100034010001700075035001900092040001800111042001200129050001500141245003300156260005300189300002800242650002500270999001700295sa 68020377 DLC20260227112724.0830328s1964 io a 000 0 ind  asa 68020377  a(OCoLC)9351423 aDLCcOAUdDLC apremarc00aHQ10b.K8610aKursus persiapan perkawinan. aSemarang :bUtusan Pastoran Kebondalem,c[1964?] a235 p. :bill.,c22 cm. 0aMarriage counseling. c89388d89388